000 00225nam a2200097Ia 4500
008 190216s9999||||xx |||||||||||||| ||und||
100 _aV T Sukumaran Nair
245 0 _aPremathinde Theerthadanam
260 _bNull
942 _cBK
999 _c23561
_d23561